[Event "26th Open"]
[Site "Ghent BEL"]
[Date "2003.07.20"]
[Round "4"]
[White "Palmans,T"]
[Black "Filipek,J"]
[Result "0-1"]
[WhiteElo "2091"]
[BlackElo "2363"]

1.e4 c5 2.Nf3 e6 3.Nc3 a6 4.d4 cxd4 5.Nxd4 Qb6 6.Nb3 Nc6 7.Be2 Nf6 8.O-O Be7
9.Bf4 O-O 10.Kh1 d6 11.Bg3 Qc7 12.f4 b5 13.Bf3 b4 14.Ne2 e5 15.c3 a5 16.fxe5 Nxe5
17.Nf4 Ba6 18.Re1 Qb6 19.Nd4 g6 20.Nd5 Nxd5 21.exd5 Bf6 22.Bxe5 Bxe5 23.Nc6 Bf6
24.cxb4 axb4 25.Qb3 Rfe8 26.Rxe8+ Rxe8 27.Qxb4 Qf2 28.h3 Re3 29.Qf4 Bh4 30.Kh2 g5
31.Qxd6 Rxf3 32.Ne7+ Kg7 33.Qxa6 Rxh3+  0-1

[Event "3rd Savaria Summer Open"]
[Site "Szombathely HUN"]
[Date "2003.07.20"]
[Round "2"]
[White "Barczi,T"]
[Black "Suto,G"]
[Result "1-0"]
[WhiteElo "2121"]
[BlackElo "2313"]

1.e4 c5 2.Nf3 e6 3.d4 cxd4 4.Nxd4 a6 5.Nc3 b5 6.a3 Bb7 7.Be3 Nf6 8.Bd3 Nc6
9.f4 h5 10.Nf3 Be7 11.Qe2 d5 12.exd5 Nxd5 13.Nxd5 Qxd5 14.Rd1 Bf6 15.Bg6 Qa2
16.Bxf7+ Kxf7 17.Rd7+ Ne7 18.Rxb7 Qb1+ 19.Qd1 Qxd1+ 20.Kxd1 Bxb2 21.Bc5 Rhe8
22.Ng5+ Kf8 23.Nxe6+ Kf7 24.Re1 Bf6 25.Ng5+ Kf8 26.Nh7+  1-0

[Event "3rd Savaria Summer Open"]
[Site "Szombathely HUN"]
[Date "2003.07.20"]
[Round "2"]
[White "Tancsa,R"]
[Black "Sikula,V"]
[Result "1/2-1/2"]
[WhiteElo "2240"]
[BlackElo "2419"]

1.e4 c5 2.Nf3 e6 3.d4 cxd4 4.Nxd4 a6 5.Nc3 Qc7 6.Be2 Nf6 7.O-O d6 8.f4 Be7
9.Bf3 O-O 10.a4 Nc6 11.Be3 Re8 12.Kh1 Bd7 13.Nb3 b6 14.g4 Bc8 15.g5 Nd7 16.Bg2 Bf8
17.Rf3 Bb7 18.Rh3 g6 19.Qg4 Nb4 20.Nd4 Bg7 21.Qh4 Nf8 22.Qf2 Rab8 23.Rd1 Ba8
24.f5 exf5 25.exf5 Bxg2+ 26.Qxg2 Be5 27.fxg6 fxg6 28.Nd5 Nxd5 29.Qxd5+ Kg7  1/2-1/2

[Event "3rd Savaria Summer Open"]
[Site "Szombathely HUN"]
[Date "2003.07.20"]
[Round "2"]
[White "Kakuk,S"]
[Black "Molnar,Be"]
[Result "0-1"]
[WhiteElo "2208"]
[BlackElo "2394"]

1.e4 c5 2.Nf3 e6 3.d4 cxd4 4.Nxd4 a6 5.Nc3 b5 6.Bd3 Qb6 7.Nb3 Qc7 8.Be3 Bb7
9.f4 Nf6 10.Qf3 Nc6 11.O-O-O Nb4 12.Kb1 Rc8 13.Rhe1 Nxc2 14.Bxc2 b4 15.Bd4 bxc3
16.Bxc3 Be7 17.Bd3 O-O 18.Qh3 Qxf4 19.Bxf6 Qxf6 20.e5 Qh4 21.Qe3 Bd5 22.Be4 Bb4
23.Bxd5 Bxe1 24.g3 Qxh2 25.Be4 Bf2 26.Qf3 Qxg3 27.Qe2 g6 28.Bb7 Rc7 29.Bxa6 Qe3
30.Qf1 Rb8  0-1

[Event "26th Asian Juniors Girls"]
[Site "Negombo SRI"]
[Date "2003.07.21"]
[Round "4"]
[White "Rajasurya,J"]
[Black "Sachdev,T"]
[Result "0-1"]
[WhiteElo "1990"]
[BlackElo "2206"]

1.e4 c5 2.Nf3 e6 3.d4 cxd4 4.Nxd4 a6 5.Nc3 Qc7 6.f4 Bb4 7.Qf3 d6 8.Bd2 Nf6
9.Bd3 Nbd7 10.g4 Nc5 11.g5 Nfd7 12.f5 Ne5 13.Qe3 Ncxd3+ 14.cxd3 Bc5 15.Nce2 Nc6
16.fxe6 fxe6 17.e5 Nxd4 18.Nxd4 dxe5 19.Rc1 exd4 20.Qe4 Qe7 21.O-O Bd7 22.g6 Bc6
23.Qg4 h5 24.Qh3 Qd6 25.Rf7 e5 26.Qf5 Qd5 27.Kf2 Be7 28.Bg5 Qg2+  0-1

[Event "zt 3.3"]
[Site "Yongchuan CHN"]
[Date "2003.07.21"]
[Round "9"]
[White "Zhang Pengxiang"]
[Black "Wu Wenjin"]
[Result "0-1"]
[WhiteElo "2567"]
[BlackElo "2531"]

1.e4 c5 2.Nf3 e6 3.d4 cxd4 4.Nxd4 a6 5.Nc3 Qc7 6.Bd3 Nf6 7.f4 d6 8.O-O Be7
9.Qe2 Nc6 10.Nxc6 bxc6 11.e5 dxe5 12.fxe5 Nd5 13.Qh5 g6 14.Qf3 Bc5+ 15.Kh1 Nxc3
16.bxc3 O-O 17.Bh6 Rd8 18.Rae1 Bf8 19.Qe3 Bxh6 20.Qxh6 Qe7 21.Re3 Qf8 22.Qh4 Bd7
23.Qg5 c5 24.h4 Bb5 25.c4 Bc6 26.Rf6 Qg7 27.Rg3 Rd4 28.h5 h6 29.Qd2 g5 30.Qa5 Qf8
31.Bg6 Ra7 32.Bd3 Rb7 33.Rf1 Qe7 34.Kg1 Kg7 35.Qe1 Qd8 36.Qe3 Rh4 37.Qxc5 Qb6
38.Qxb6 Rxb6 39.Re3 Rxh5 40.Be2 Rh4 41.Rb3 Rb7 42.Rxb7 Bxb7 43.Rb1 Be4 44.c5 Bd5
45.Rb6 Re4 46.Bxa6 Bc4 47.Bb7 Re1+ 48.Kh2 Rxe5 49.c6 Rc5 50.a4 Bd5 51.Kg1 Rxc2
52.a5 g4 53.g3 h5 54.a6 h4 55.Rb2 Rc1+ 56.Kf2 h3 57.Ke3 Bxc6 58.Kf4 Rc4+
59.Ke5 Bf3 60.Bxf3 gxf3 61.Ra2 f6+ 62.Kxe6 Re4+ 63.Kd7 Re2 64.Ra1 f2 65.a7 Re1
66.a8=Q f1=Q 67.Ra7 Qc4 68.Qb8 Kg6 69.Qb6 Qf7+  0-1

[Event "TCh-Europe u18"]
[Site "Balatonlelle HUN"]
[Date "2003.07.22"]
[Round "4"]
[White "Sakelsek,T"]
[Black "Bernasek,J"]
[Result "1-0"]
[WhiteElo "2351"]
[BlackElo "2402"]

1.e4 c5 2.Nf3 e6 3.d4 cxd4 4.Nxd4 a6 5.Nc3 Qc7 6.Bd3 Nf6 7.O-O Nc6 8.Be3 Bd6
9.f4 Bc5 10.Nf5 Bxe3+ 11.Nxe3 d6 12.Kh1 b5 13.Bxb5 axb5 14.Nxb5 Qd8 15.Nxd6+ Ke7
16.e5 Ne8 17.Qf3 Bd7 18.Rad1 Nxd6 19.exd6+ Kf8 20.f5 Qf6 21.fxe6 Qxf3 22.e7+ Ke8
23.gxf3 Be6 24.f4 f5 25.a3 Kd7 26.Rd3 Na5 27.b3 Ra6 28.Rfd1 Nb7 29.c4 Rc8
30.b4 Bxc4 31.e8=Q+  1-0

[Event "KB Czech Open"]
[Site "Pardubice CZE"]
[Date "2003.07.22"]
[Round "5"]
[White "Simacek,P"]
[Black "Shaposhnikov,E"]
[Result "1/2-1/2"]
[WhiteElo "2437"]
[BlackElo "2566"]

1.e4 c5 2.Nf3 e6 3.d4 cxd4 4.Nxd4 a6 5.Nc3 Qc7 6.g3 Nf6 7.Bg2 Nc6 8.O-O Bc5
9.Bf4 e5 10.Nb3 exf4 11.Nxc5 fxg3 12.hxg3 d6 13.Nd5 Nxd5 14.exd5 Ne7 15.Ne4 Bf5
16.Qd4 O-O 17.c4 Rac8 18.Rac1 a5 19.c5 Bxe4 20.cxd6 Qxd6  1/2-1/2

[Event "26th Asian Juniors Girls"]
[Site "Negombo SRI"]
[Date "2003.07.23"]
[Round "6"]
[White "Krutika,N"]
[Black "Sachdev,T"]
[Result "1/2-1/2"]
[WhiteElo "2145"]
[BlackElo "2206"]

1.e4 c5 2.Nf3 e6 3.d4 cxd4 4.Nxd4 a6 5.Nc3 Qc7 6.Be2 Nf6 7.O-O Be7 8.a4 O-O
9.f4 d6 10.Kh1 Nc6 11.Be3 Bd7 12.Nb3 Nb4 13.Bf3 e5 14.a5 Rac8 15.Rf2 Be6
16.f5 Bxb3 17.cxb3 Nc6 18.Bb6 Qb8 19.g4 Nd7 20.Be3 Bd8 21.g5 Bxa5 22.f6 Bxc3
23.bxc3 Nc5 24.Bg2 g6 25.b4 Ne6 26.Qf3 h5 27.gxh6 Kh7 28.h4 Ncd8 29.Rc1 Rc6
30.Bh3 Qc7 31.Bd2 Rc4 32.Bf1 Rc6 33.Qg3 Rg8 34.Bd3 Nd4 35.Rg1 N4e6 36.c4 Nd4
37.h5 N8e6 38.hxg6+ Rxg6 39.Qh2 Nf8 40.Bf1 Qd8 41.Be3 Nde6 42.Qh4 Nf4 43.Bxf4 exf4
44.Qxf4 d5 45.e5 dxc4 46.Bxc4 Rxg1+ 47.Kxg1 Ng6 48.Qe4 Qc7 49.Bd3 Kh8 50.Re2 Re6
51.Qc4 Qxc4 52.Bxc4 Rxe5 53.Rd2 Rg5+ 54.Rg2 Rxg2+ 55.Kxg2 Ne5 56.Bd5 b6 57.Kg3 Nd7
58.Bxf7 Nxf6 59.Bc4 b5 60.Be6 Kh7 61.Bc8 Nd5 62.Bxa6 Nxb4 63.Bxb5 Kxh6  1/2-1/2

[Event "26th Asian Juniors"]
[Site "Negombo SRI"]
[Date "2003.07.24"]
[Round "8"]
[White "Khamzin,O"]
[Black "Prathamesh,S"]
[Result "0-1"]
[WhiteElo "2298"]
[BlackElo "2358"]

1.e4 c5 2.Nf3 e6 3.Nc3 a6 4.d4 cxd4 5.Nxd4 Qc7 6.Be2 Nf6 7.O-O Be7 8.f4 d6
9.a4 Nc6 10.Be3 O-O 11.Kh1 Re8 12.Bf3 Bd7 13.Nb3 Na5 14.Nxa5 Qxa5 15.Qd3 Rad8
16.Rfd1 Rf8 17.b4 Qc7 18.Rab1 Rc8 19.Rb3 Be8 20.g4 d5 21.b5 axb5 22.axb5 dxe4
23.Bxe4 Nxe4 24.Qxe4 f5 25.gxf5 exf5 26.Qg2 Bf6 27.Bd4 Bxd4 28.Rxd4 Bf7 29.Nd5 Qxc2
30.Ne7+ Kh8 31.Qxc2 Rxc2 32.Rbd3 g6 33.Rd7 Kg7 34.Rxb7 Ra8 35.Rbd7 Raa2 36.Nc6 Rxh2+
37.Kg1 Rag2+ 38.Kf1 Rb2 39.Kg1 Rhc2 40.Ne5 Rc1+ 41.Rd1 Rxd1+ 42.Rxd1 Be8
43.Rd8 Bxb5 44.Rb8 Rb1+ 45.Kh2 Bd3 46.Rd8 Be4 47.Rd7+ Kh6 48.Nf7+ Kh5 49.Ne5 h6
50.Rd6 g5 51.Nf7 Kh4 52.Rxh6+ Kg4  0-1

[Event "3rd Savaria Summer Open"]
[Site "Szombathely HUN"]
[Date "2003.07.24"]
[Round "6"]
[White "Meshcheriakova,E"]
[Black "Papp,Ju"]
[Result "1/2-1/2"]
[WhiteElo "2257"]
[BlackElo "2111"]

1.e4 c5 2.Nf3 e6 3.Nc3 a6 4.d4 cxd4 5.Nxd4 b5 6.Bd3 Qb6 7.Nb3 Qc7 8.O-O Bb7
9.Qe2 d6 10.f4 Nd7 11.a4 b4 12.Nd1 Ngf6 13.Nf2 Be7 14.a5 Nc5 15.Bd2 Nxb3
16.cxb3 d5 17.Rfc1 Qd8 18.e5 Nd7 19.Be3 O-O 20.Qc2 Rc8 21.Bxh7+ Kh8 22.Qd3 g6
23.Bxg6 fxg6 24.Qxg6 Nc5 25.Qh6+ Kg8 26.f5 Rxf5 27.Bxc5 Bxc5 28.Qxe6+ Rf7
29.Rxc5 Rxc5 30.Ng4 Kf8 31.Qh6+ Ke8 32.e6 Rf8 33.Qg6+ Ke7 34.Re1 Qc8 35.Qg7+ Kd6
36.e7 Rg8 37.Qxg8 Qxg8 38.e8=Q Qxe8 39.Rxe8 Rc1+ 40.Kf2 d4 41.Re2 d3 42.Rd2 Be4
43.h4 Ra1 44.g3 Rxa5 45.Ke3 Bf5 46.Kf4 Bg6 47.Ne3 Ra1 48.Kg5 Bh7 49.Nf5+ Ke5
50.g4 Bxf5 51.gxf5 Rg1+ 52.Kh6 Kxf5 53.Rxd3 Rg2 54.Rd4 a5 55.Rd5+ Kf6 56.Rxa5  1/2-1/2

[Event "ch-NED Open"]
[Site "Dieren NED"]
[Date "2003.07.25"]
[Round "4"]
[White "Leenhouts,K"]
[Black "Levin,F"]
[Result "1/2-1/2"]
[WhiteElo "2296"]
[BlackElo "2520"]

1.e4 c5 2.Nf3 e6 3.d4 cxd4 4.Nxd4 a6 5.Nc3 b5 6.Be3 Bb7 7.f3 d6 8.Qd2 Nf6
9.O-O-O Nbd7 10.g4 Nb6 11.Bd3 Qc7 12.Nb3 b4 13.Bxb6 Qxb6 14.Na4 Qc7 15.Qxb4 d5
16.Qb6 Qxb6 17.Nxb6 dxe4  1/2-1/2

[Event "ch-NED Open"]
[Site "Dieren NED"]
[Date "2003.07.25"]
[Round "4"]
[White "Van Geffen,B"]
[Black "Van Renen,M"]
[Result "1/2-1/2"]
[WhiteElo "2163"]
[BlackElo "2072"]

1.e4 c5 2.Nf3 e6 3.d4 cxd4 4.Nxd4 a6 5.Nc3 Nc6 6.g3 Nge7 7.Nde2 d5 8.exd5 Nxd5
9.Nxd5 Qxd5 10.Qxd5 exd5 11.Bg2 Bf5 12.O-O Be4 13.Bxe4 dxe4 14.Be3 O-O-O
15.Rfd1 Be7 16.Nd4 Nxd4 17.Bxd4 Bf6 18.Bxf6 gxf6 19.Kf1 Rd7 20.Ke2 Rhd8 21.Rxd7 Rxd7
22.g4 Rd5 23.Rd1 Rc5 24.c3 f5 25.gxf5 Rxf5 26.Rd6 h5 27.Rh6 Kd7 28.a4 f6
29.Rh7+ Kc6 30.b4 b5 31.a5 Kd5 32.Ra7 Kc4 33.Rxa6 Kxc3 34.Rb6 Kxb4 35.a6 Rf3
36.h4 Kc4  1/2-1/2

[Event "26th Asian Juniors"]
[Site "Negombo SRI"]
[Date "2003.07.25"]
[Round "9"]
[White "Mahesh Chandran,P"]
[Black "Prathamesh,S"]
[Result "1/2-1/2"]
[WhiteElo "2419"]
[BlackElo "2358"]

1.e4 c5 2.Nf3 e6 3.d4 cxd4 4.Nxd4 a6 5.Nc3 Qc7 6.Be2 b5 7.O-O Bb7 8.Bxb5 axb5
9.Ndxb5 Qc6 10.Bf4 Na6 11.Nd6+ Bxd6 12.Bxd6 Nc5 13.f3 Na4 14.Nxa4 Rxa4 15.b4  1/2-1/2

[Event "Summer"]
[Site "Tel Aviv ISR"]
[Date "2003.07.25"]
[Round "6"]
[White "Haimovich,T"]
[Black "Shutzman,J"]
[Result "1/2-1/2"]
[WhiteElo "2333"]
[BlackElo "2244"]

1.e4 c5 2.Nf3 e6 3.Nc3 a6 4.d4 cxd4 5.Nxd4 b5 6.Be2 Bb7 7.a3 Qc7 8.O-O Nf6
9.Qd3 Be7 10.f4 d6 11.Kh1 Nbd7 12.Bf3 O-O 13.Qe2 Nb6 14.Re1 Rfe8 15.Nd1 Rac8
16.c3 Bf8 17.Nf2 g6 18.Rd1 Bg7 19.Nd3 Nc4 20.a4 bxa4 21.Rxa4 e5 22.fxe5 Nxe5
23.Nxe5 Rxe5 24.Bf4 Ree8 25.Nb3 Nd5 26.Bg3 Qc6 27.Raa1 Qb6 28.Na5 Ba8 29.Nc4 Rxc4
30.Qxc4 Ne3 31.Qa4 Bc6 32.Qxa6 Qxa6 33.Rxa6 Nxd1 34.Rxc6 Nxb2 35.Bxd6 f5
36.Kg1 fxe4 37.Bg4 Nd3 38.Kf1 Be5 39.Bxe5 Nxe5 40.Rc8 Kf7 41.Rxe8 Kxe8 42.Be6 Ke7
43.Bc8 Nc4 44.Ke2 Kf6 45.Ba6 Nd6 46.c4 Ke5 47.c5 Nf5 48.Bb7 Nd4+ 49.Kf2 Ne6
50.c6 Nc7 51.Ke3 Nd5+ 52.Ke2 Kd4 53.g3 Ke5 54.Kd2 Kd4 55.Bc8 Kc5 56.Bd7 Kd6
57.Ke2 Nf6  1/2-1/2

[Event "TCh-Europe u18 girls"]
[Site "Balatonlelle HUN"]
[Date "2003.07.26"]
[Round "7"]
[White "Gencer,A"]
[Black "Choisy,M"]
[Result "0-1"]
[WhiteElo "1810"]
[BlackElo "2024"]

1.e4 c5 2.Nf3 e6 3.d4 cxd4 4.Nxd4 a6 5.Nc3 Qc7 6.Be3 Nf6 7.Be2 Bb4 8.Qd3 Bxc3+
9.bxc3 Nxe4 10.c4 Qa5+ 11.Kf1 Nf6 12.Nb3 Qc7 13.c5 O-O 14.c4 Nc6 15.a3 Rd8
16.Rd1 Ne8 17.Bf3 d5 18.cxd5 exd5 19.Bg5 f6 20.Be3 Be6 21.Nd4 Nxd4 22.Qxd4 Qe5
23.Qb4 a5 24.Qxb7 Rab8 25.Qa7 d4 26.Bd2 Bc4+ 27.Kg1 d3 28.Qxa5 Bb3 29.Re1 Qb2
30.h3 Bd5 31.Bxd5+ Rxd5 32.Kh2 Qd4 33.Qa7 Rbd8 34.Be3 Qe5+ 35.g3 Qf5 36.Rd1 d2
37.Qa4 Nc7 38.Qc4 Kh8 39.Qc3 Rd3 40.Qc2 Qf3 41.Rhf1 Qe2 42.Bf4 Ne6 43.Bxd2 Rxd2
44.Rxd2 Rxd2 45.Qc1 h6 46.c6 Rc2 47.Qe1 Qc4 48.Qb1 Qxc6 49.Qb8+ Qc8 50.Qxc8+ Rxc8
51.Ra1 Ra8 52.Kg2 Ra4 53.h4 Nd4 54.Ra2 Nb5 55.Rb2 Nxa3 56.Kf3 Nc4 57.Rb8+ Kh7
58.Rb3 Ne5+ 59.Kg2 Kg6 60.f3 Ra2+ 61.Kh3 Rf2 62.f4 Nc4 63.Rb7 h5 64.Rb5 Ne3
65.Rb1 Nf1  0-1

[Event "3rd Savaria Summer Open"]
[Site "Szombathely HUN"]
[Date "2003.07.26"]
[Round "8"]
[White "Kakuk,S"]
[Black "Schneider,Ve"]
[Result "1-0"]
[WhiteElo "2208"]
[BlackElo "2094"]

1.e4 c5 2.Nf3 e6 3.d4 cxd4 4.Nxd4 a6 5.Nc3 Qc7 6.Be3 Nf6 7.Bd3 d6 8.f4 Nbd7
9.Qf3 b5 10.g4 g6 11.O-O-O Bb7 12.g5 Nh5 13.Kb1 Be7 14.Nce2 Rc8 15.Ng3 Ng7
16.h4 e5 17.fxe5 dxe5 18.Nb3 Ne6 19.h5 Nxg5 20.Qg4 Nf6 21.Qxg5 Nd5 22.Qh6 Bf8
23.exd5 Bxh6 24.Bxh6 Bxd5 25.Rhe1 f5 26.Bf4 O-O 27.Bxe5 Qf7 28.hxg6 hxg6
29.Nd4  1-0

[Event "3rd Savaria Summer Open"]
[Site "Szombathely HUN"]
[Date "2003.07.26"]
[Round "8"]
[White "Tancsa,R"]
[Black "Szeberenyi,A"]
[Result "1/2-1/2"]
[WhiteElo "2240"]
[BlackElo "2385"]

1.e4 c5 2.Nf3 e6 3.d4 cxd4 4.Nxd4 a6 5.Nc3 Qc7 6.Be2 Nf6 7.O-O Bb4 8.Qd3 Nc6
9.Nxc6 dxc6 10.f4 e5 11.fxe5 Qxe5 12.Bf4 Qc5+ 13.Be3 Qe5 14.Kh1 Bxc3 15.bxc3 Qxe4
16.Qd2 O-O 17.Bd3 Qg4 18.Rxf6 gxf6 19.Rf1 Re8 20.Rf4 Qh5 21.Rxf6 Bg4 22.Rh6 Qe5
23.Bxh7+ Kf8 24.Bg1 Rad8 25.Bd3 Re6 26.Rh4 Bh5 27.h3 Rd5 28.c4 Rd7 29.Qb4+ Ke8
30.Re4 Qxe4 31.Bxe4 Rxe4 32.Qc3 f6 33.Qxf6 Bf7 34.Qh8+ Ke7 35.Bc5+ Ke6 36.Qh6+ Ke5
37.Qg5+ Ke6 38.Qh6+ Ke5 39.Qg5+ Ke6 40.Qh6+  1/2-1/2

[Event "ch-COL"]
[Site "Cali COL"]
[Date "2003.07.28"]
[Round "11"]
[White "Mosquera,M"]
[Black "Zapata,A"]
[Result "0-1"]
[WhiteElo "2389"]
[BlackElo "2543"]

1.e4 c5 2.Nf3 e6 3.d4 cxd4 4.Nxd4 a6 5.Nc3 b5 6.Bd3 d6 7.f4 Bb7 8.Qf3 Nd7
9.Be3 Ngf6 10.a3 Rc8 11.O-O Be7 12.g4 Rxc3 13.bxc3 Nc5 14.g5 Nfxe4 15.Qh3 O-O
16.Ne2 Qc7 17.Ng3 g6 18.Nxe4 Nxe4 19.a4 e5 20.axb5 exf4 21.Bxe4 Bxe4 22.Bxf4 axb5
23.Qe3 Qc4 24.h4 Re8 25.Ra7 Bf8 26.Qd4 Qe6 27.Kh2 Bg7 28.Qxd6 Qg4 29.Bg3 Be5  0-1

[Event "8th Open"]
[Site "Creon FRA"]
[Date "2003.07.28"]
[Round "1"]
[White "Aout,S"]
[Black "Epishin,V"]
[Result "0-1"]
[WhiteElo "2193"]
[BlackElo "2642"]

1.e4 c5 2.Nf3 e6 3.d4 cxd4 4.Nxd4 a6 5.Nc3 Qc7 6.Be2 b5 7.Be3 Bb7 8.O-O Nf6
9.f4 b4 10.Na4 Bxe4 11.c4 Be7 12.Bf3 O-O 13.g4 Nc6 14.g5 Bxf3 15.Qxf3 Nxd4  0-1

[Event "ch-NED Open"]
[Site "Dieren NED"]
[Date "2003.07.28"]
[Round "6"]
[White "Willemze,J"]
[Black "Bosboom,M"]
[Result "1/2-1/2"]
[WhiteElo "2327"]
[BlackElo "2440"]

1.e4 c5 2.Nf3 e6 3.d4 cxd4 4.Nxd4 a6 5.Nc3 b5 6.Bd3 Qb6 7.Nf3 Bb7 8.O-O d6
9.a4 b4 10.a5 Qc7 11.Na4 Nd7 12.Be3 Ngf6 13.Nb6 Rd8 14.Qe2 Be7 15.Bxa6 Bxa6
16.Qxa6 Qxc2 17.Rfc1 Qxe4 18.Nc8 Nc5 19.Rxc5 dxc5 20.Nxe7 Kxe7 21.Bxc5+ Ke8
22.Qb5+ Nd7 23.a6 Qd5 24.Rc1 f6 25.Qa4 Kf7 26.Bxb4 Nb6 27.Qa5 Qxa5 28.Bxa5 Rc8
29.Ra1 Nc4 30.Bc3  1/2-1/2

[Event "Summer"]
[Site "Tel Aviv ISR"]
[Date "2003.07.28"]
[Round "8"]
[White "Haimovich,T"]
[Black "Botvinnik,Il"]
[Result "1-0"]
[WhiteElo "2333"]
[BlackElo "2389"]

1.e4 c5 2.Nf3 e6 3.Nc3 a6 4.d4 cxd4 5.Nxd4 b5 6.Bd3 Qb6 7.Nf3 Nc6 8.O-O Nge7
9.Re1 d6 10.Be3 Qb8 11.a4 b4 12.Ne2 g6 13.Qd2 Bg7 14.Bh6 O-O 15.Rad1 Ne5
16.Nxe5 dxe5 17.Ng3 Bxh6 18.Qxh6 Qc7 19.h4 f6 20.Nf1 Nc6 21.Ne3 Bb7 22.Bc4 Rae8
23.Rd2 Bc8 24.Red1 Nd8 25.Ng4 Qxc4 26.Rd7 Bxd7 27.Rxd7 Rf7 28.Nxf6+  1-0

[Event "IV CMA Futurity"]
[Site "Toronto CAN"]
[Date "2003.07.28"]
[Round "6"]
[White "Peredun,A"]
[Black "Cramling,P"]
[Result "1-0"]
[WhiteElo "2306"]
[BlackElo "2488"]

1.e4 c5 2.Nf3 e6 3.d4 cxd4 4.Nxd4 a6 5.Nc3 b5 6.Bd3 Qb6 7.Nb3 Qc7 8.O-O Bb7
9.f4 b4 10.Ne2 Nf6 11.e5 Qb6+ 12.Ned4 Nd5 13.Kh1 Nc6 14.Nxc6 Bxc6 15.Qe2 g6
16.Bd2 Be7 17.c4 bxc3 18.bxc3 O-O 19.Nd4 Bc5 20.Rab1 Qa7 21.Nxc6 dxc6 22.c4 Ne7
23.g4 Bd4 24.f5 c5 25.Be4 Rab8 26.f6 Nc8 27.Bg2 Nb6 28.Bf4 Nd7 29.Rbd1 Qb6
30.Qe1 Rfc8 31.Qh4 Qd8 32.Rf3 Rc7 33.Rh3 h5 34.gxh5 Nf8 35.Be4 Qd7 36.hxg6 fxg6
37.Qh8+ Kf7 38.Rh7+  1-0

[Event "Candidates"]
[Site "Aarhus DEN"]
[Date "2003.07.29"]
[Round "3"]
[White "Matthiesen,M"]
[Black "Glud,J"]
[Result "1/2-1/2"]
[WhiteElo "2260"]
[BlackElo "2173"]

1.e4 c5 2.Nf3 e6 3.Nc3 a6 4.d4 cxd4 5.Nxd4 b5 6.Be3 Bb7 7.Bd3 Nf6 8.e5 Nd5
9.Nxd5 Bxd5 10.Qg4 Qc7 11.Bf4 Nc6 12.Nxc6 Qxc6 13.O-O h5 14.Qh3 Be7 15.Be3 g5
16.Rfc1 g4 17.Qg3 Rg8 18.c4 h4 19.Qf4 Bxg2 20.cxb5 Qf3 21.b6 Bg5 22.Qxf3 gxf3
23.b7 Bh3 24.bxa8=Q+ Bd8+ 25.Kh1 Bg2+ 26.Kg1 Bh3+ 27.Kh1  1/2-1/2

[Event "Summer"]
[Site "Tel Aviv ISR"]
[Date "2003.07.29"]
[Round "9"]
[White "Gross,Dav CZE"]
[Black "Reznik,Vi"]
[Result "1/2-1/2"]
[WhiteElo "2451"]
[BlackElo "2299"]

1.e4 c5 2.Nf3 e6 3.d4 cxd4 4.Nxd4 a6 5.Nc3 Qc7 6.f4 d6 7.Qf3 Nf6 8.g4 Nc6
9.Nxc6 bxc6 10.g5 Nd7 11.b3 d5 12.Bb2 d4 13.Ne2 c5 14.Bg2 Bb7 15.O-O Be7
16.c3 d3 17.Qxd3 c4 18.Qxc4 Qxc4 19.bxc4 Rc8 20.e5 Bxg2 21.Kxg2 Rxc4 22.Rfd1 Nb6
23.Rd4 Bc5 24.Rxc4 Nxc4 25.Rb1 Kd7 26.Bc1  1/2-1/2

[Event "ch-NED Open"]
[Site "Dieren NED"]
[Date "2003.07.31"]
[Round "9"]
[White "Diepeveen,V"]
[Black "Van Helvoort,R"]
[Result "0-1"]
[WhiteElo "2310"]
[BlackElo "2186"]

1.e4 c5 2.Nf3 e6 3.d4 cxd4 4.Nxd4 a6 5.Nc3 b5 6.Bd3 Qb6 7.Nb3 Bb7 8.Be3 Qc7
9.a3 Nf6 10.O-O d5 11.Nd2 dxe4 12.Ndxe4 Nbd7 13.Qe2 Be7 14.Rad1 O-O 15.Rd2 Rfe8
16.Nxf6+ Bxf6 17.Ne4 Bxb2 18.Nd6 Rf8 19.Rb1 Bc3 20.Rdd1 Bd5 21.Bf4 Qc6 22.Qg4 f5
23.Qg3 Rf6 24.Bg5 Be5 25.Nxf5 exf5 26.f4 Bd4+ 27.Kh1 Rf7 28.Be2 Bf6 29.Rxd5 Qxd5
30.Bf3 Qa2 31.Rd1 Qxc2 32.Qe1 Re7 33.Bd5+ Kf8 34.Qf1 Rae8  0-1

[Event "8th Open"]
[Site "Creon FRA"]
[Date "2003.08.01"]
[Round "7"]
[White "Klip,H"]
[Black "Meijers,V"]
[Result "1/2-1/2"]
[WhiteElo "2372"]
[BlackElo "2483"]

1.e4 c5 2.Nf3 e6 3.Nc3 a6 4.d4 cxd4 5.Nxd4 Qc7 6.f4 b5 7.Bd3 Bb7 8.Qf3 Nf6
9.Be3 h5 10.O-O-O Nc6 11.Rhe1 Rc8 12.Nxc6 Qxc6 13.Bd4 b4 14.Bxf6 gxf6 15.Nd5 Be7
16.Nxe7 Kxe7 17.g3 a5 18.Qe2 Qc5 19.Bb5 Rc7 20.Ba4 Bc6 21.Bxc6 Rxc6 22.Rd2 Qc4
23.Qxc4 Rxc4 24.Red1 Rc7 25.Rd3 h4 26.a3 hxg3 27.hxg3 Rh2 28.R1d2 Rh1+ 29.Rd1 Rxd1+
30.Kxd1 Rc4 31.Re3 bxa3 32.bxa3 Kd6 33.Kd2 Kc5 34.e5 Rd4+ 35.Kc3 fxe5 36.Rxe5+ d5
37.Rg5 Rc4+ 38.Kb2 f5 39.Rg7 Re4 40.Rg8 a4 41.Ra8 Kb5 42.Rb8+ Kc6 43.Ra8 Kb7
44.Ra5 Kb6 45.Ra8 Kb5 46.Rb8+ Kc5 47.Ra8 Re3 48.Rxa4 Rxg3 49.c3 Re3 50.Kb3 Re2
51.Rb4 Re1 52.a4 Rb1+ 53.Ka3 Rh1 54.Kb3 Rb1+ 55.Ka3 Re1 56.Kb3 e5 57.fxe5 Rxe5
58.Rf4 Kd6 59.a5 Kc5 60.a6 Kb6 61.c4 Kxa6 62.cxd5 Kb5 63.Rd4 Kc5 64.Kc3 Kd6
65.Kd2 Re8 66.Rd3 f4 67.Rf3 Re4 68.Rd3 Re8 69.Rf3 Re4 70.Rd3 Re7 71.Rf3 Ke5
72.Ke2 Kxd5+ 73.Kf2 Ke4 74.Ra3 Rb7 75.Rc3 Rb2+ 76.Kf1 Kf5 77.Ra3 Kg4 78.Rc3 Rb1+
79.Kf2 Rb2+ 80.Kf1 Rd2 81.Ra3 Rc2 82.Rb3 Rc8 83.Ra3 f3 84.Ra7 Re8 85.Rb7 Kg3
86.Rg7+ Kf4 87.Ra7 Re4 88.Rb7 Rd4 89.Rf7+ Ke3 90.Re7+ Kd2 91.Kf2 Rd3 92.Rf7 Kc2
93.Rxf3 Rxf3+ 94.Kxf3  1/2-1/2

[Event "3rd Open"]
[Site "Plancoet FRA"]
[Date "2003.08.01"]
[Round "7"]
[White "Guezennec,F"]
[Black "Genov,Peta"]
[Result "0-1"]
[WhiteElo "2134"]
[BlackElo "2501"]

1.e4 c5 2.Nc3 e6 3.Nf3 a6 4.d4 cxd4 5.Nxd4 d6 6.Be3 b5 7.Qd2 Bb7 8.f3 Nf6
9.O-O-O Be7 10.g4 Nc6 11.g5 Nd7 12.h4 Rc8 13.Kb1 Nce5 14.Rg1 b4 15.Na4 Qa5
16.b3 Nc5 17.Nb2 Nxf3 18.Nxf3 Nxe4  0-1

[Event "Candidates"]
[Site "Aarhus DEN"]
[Date "2003.08.02"]
[Round "7"]
[White "Veng,J"]
[Black "Glud,J"]
[Result "1/2-1/2"]
[WhiteElo "2126"]
[BlackElo "2173"]

1.e4 c5 2.Nf3 e6 3.d4 cxd4 4.Nxd4 a6 5.Nc3 b5 6.Bd3 Qb6 7.Nb3 Qc7 8.O-O Bb7
9.Qe2 d6 10.Bd2 Be7 11.a4 bxa4 12.Rxa4 Nf6 13.Kh1 h5 14.Na5 Bc8 15.Bg5 Nbd7
16.Nb3 Nb6 17.Raa1 d5 18.e5 Ng4 19.Bxe7 Kxe7 20.f4 Nc4 21.Nd1 g6 22.Nd4 Nxb2
23.Nxb2 Qc3 24.Na4 Qxd4 25.h3 Ne3 26.Qf2 Nf5 27.Qe1 h4 28.Bxf5 gxf5 29.c3 Qa7
30.c4 dxc4 31.Qb4+ Ke8 32.Nb6 Rb8 33.Rab1 Bd7 34.Rfd1 Bb5 35.Nxc4 Qe7 36.Nd6+  1/2-1/2

[Event "IM"]
[Site "Niederbronn FRA"]
[Date "2003.08.02"]
[Round "1"]
[White "Sermier,G"]
[Black "Netzer,J"]
[Result "1/2-1/2"]
[WhiteElo "2373"]
[BlackElo "2268"]

1.e4 c5 2.Nf3 e6 3.d4 cxd4 4.Nxd4 a6 5.Nc3 b5 6.Bd3 Qb6 7.Nb3 Qc7 8.O-O Bb7
9.f4 b4 10.Nb1 d6 11.Be3 Nf6 12.N1d2 Nbd7 13.c3 Nc5 14.Nxc5 dxc5 15.cxb4 Qd7
16.Qe2 Rd8 17.Bxa6 Bxa6 18.Qxa6 cxb4 19.Rfd1 Be7 20.Bb6 O-O 21.Bxd8 Qd4+
22.Kh1 Rxd8 23.Nf1 Qxd1 24.Rxd1 Rxd1 25.g3 Nxe4 26.Qa8+ Bf8 27.Qxe4 Rxf1+
28.Kg2 Ra1 29.Qc4 g6 30.g4 h6 31.h3 Bg7 32.Kf3 Bxb2  1/2-1/2

[Event "Ceska Pojistovna Cup"]
[Site "Olomouc CZE"]
[Date "2003.08.02"]
[Round "4"]
[White "Cernousek,L"]
[Black "Pisk,P"]
[Result "1-0"]
[WhiteElo "2293"]
[BlackElo "2347"]

1.e4 c5 2.Nf3 a6 3.Nc3 e6 4.d4 cxd4 5.Nxd4 Qc7 6.Bd3 Nf6 7.O-O h5 8.Bg5 Bd6
9.Nf3 Nc6 10.Qe2 Ng4 11.h3 Be7 12.g3 Nge5 13.Bxe7 Nxf3+ 14.Qxf3 Nxe7 15.Qe3 b5
16.a4 b4 17.Ne2 Nc6 18.c3 Rb8 19.Rfc1 bxc3 20.Nxc3 Qb6 21.Qf4 Qd4 22.Nb5 Qxd3
23.Nd6+ Ke7 24.Rd1 Qb3 25.Qxf7+ Kd8 26.Nxc8 Rb7 27.Qxg7 Kxc8 28.Qxh8+ Kc7
29.Qxh5 Rb4 30.Qe8 Rxe4 31.Qxd7+ Kb6 32.a5+ Kc5 33.Rac1+ Rc4 34.Rxc4+ Qxc4
35.Qc7  1-0

[Event "HZ Open"]
[Site "Vlissingen NED"]
[Date "2003.08.03"]
[Round "2"]
[White "Tiviakov,S"]
[Black "Stange,W"]
[Result "1-0"]
[WhiteElo "2613"]
[BlackElo "2153"]

1.e4 c5 2.Nc3 e6 3.Nf3 a6 4.d4 cxd4 5.Nxd4 b5 6.Bd3 Bc5 7.Nb3 Be7 8.Qg4 Nf6
9.Qxg7 Rg8 10.Qh6 b4 11.Ne2 Nc6 12.Ng3 Bb7 13.Qe3 d6 14.Qe2 Qc7 15.Bd2 a5
16.c3 h5 17.h4 d5 18.exd5 Nxd5 19.Bb5 bxc3 20.bxc3 O-O-O 21.Ba6 Rg4 22.Rb1 Nb6
23.Be3 Nd5 24.Nc5 Nxc3 25.Bxb7+ Qxb7 26.Nxb7 Nxe2 27.Nxd8 Bb4+ 28.Kxe2  1-0

[Event "Hilton Premier"]
[Site "Blackpool ENG"]
[Date "2003.08.04"]
[Round "1"]
[White "Haslinger,S"]
[Black "Kunte,A"]
[Result "1/2-1/2"]
[WhiteElo "2414"]
[BlackElo "2515"]

1.e4 c5 2.Nf3 e6 3.d4 cxd4 4.Nxd4 a6 5.Nc3 Qc7 6.Bd3 Nc6 7.Be3 b5 8.Nxc6 Qxc6
9.O-O Bb7 10.f3 Bc5 11.Qe2 Ne7 12.Kh1 b4 13.Nd1 O-O 14.c3 Bxe3 15.Nxe3 a5
16.cxb4 axb4 17.Qd2 Rfb8 18.Qxb4 Ba6 19.Qxe7 Bxd3 20.Rfd1 Bb5 21.Rac1 Qb6
22.Ng4 Re8 23.Qg5 Kh8 24.Qc5 Qxc5 25.Rxc5 Reb8 26.a3 Bc6 27.Ne5 Rxb2 28.Nxf7+ Kg8
29.Ne5 Ba4 30.Rdc1 Kf8 31.h4 Ke7 32.Nd3  1/2-1/2